000 00367cam a2200157ua 4500
041 _aeng
_h
082 _a828.09
_bJAM/HO
100 _aJames, Henry .
245 _aHouse of fiction /
_cHenry James.
_hTextual Documents
250 _a1 /
_b.
260 _a :
_bRupert Hart-Davis ,
_c1957.
300 _a286 ; .
504 _a
942 _cBK
999 _c8098
_d8098